Death, the Final Stage of Growth (Record no. 17522)

MARC details
000 -LEADER
fixed length control field 00592nam a2200229 a 4500
020 ## - INTERNATIONAL STANDARD BOOK NUMBER
ISBN 0131969986
082 00 - DEWEY DECIMAL CLASSIFICATION NUMBER
Classification number 291.23
Author Cutter KUB
100 ## - MAIN ENTRY--AUTHOR NAME
Author name Kubler-Ross, Elisabeth
245 ## - TITLE STATEMENT
Title Death, the Final Stage of Growth
260 ## - PUBLICATION, DISTRIBUTION, ETC. (IMPRINT)
Place of publication New Jersey
Name of publisher Prentice-Hall
Year of publication 1975
300 ## - PHYSICAL DESCRIPTION
Number of Pages 175p
500 ## - GENERAL NOTE
General note includes index and biblioraphy
505 2# - FORMATTED CONTENTS NOTE
Formatted contents note Annotated Bibliography
942 ## - ADDED ENTRY ELEMENTS (KOHA)
Koha item type Books
700 1# -
-- Kubler-Ross, Elisabeth
Holdings
Collection code Home library Current library Date acquired Cost, normal purchase price Full call number Accession Number Koha item type
  Henry Martyn Institute Library Henry Martyn Institute Library 05/24/2005 300.00 291.23 KUB 11001255 Books
                   Copyright © 2026 | Henry Martyn Institute | Hyderabad | TS-500052 | INDIA | Implemented by hmi.edu.in
Hit-Count:

Powered by Koha